| 000 | 00751nam a2200265 4500 | ||
|---|---|---|---|
| 003 | OSt | ||
| 005 | 20260530115312.0 | ||
| 008 | 260507b1975 nyua|||| |||| 001 0 eng d | ||
| 020 | _a0289706130 | ||
| 040 |
_aICI _bspa _cICI |
||
| 041 | _aeng | ||
| 050 |
_aNC998 _bM63 |
||
| 100 | 1 |
_aGluck, Felix, _eeditor _932972 |
|
| 245 | 1 | 0 |
_aModern Publicity 1975/76 / _ceditor Felix Gluck |
| 264 | 1 |
_aLondon : _bStudio Vista, _c1975 |
|
| 300 |
_a192 páginas : _bilustraciones |
||
| 336 |
_atexto _2rdacontent |
||
| 337 |
_asin medio _2rdamedia |
||
| 338 |
_avolumen _2rdacarrier |
||
| 650 | 4 |
_aPublicidad _xDiseño |
|
| 650 | 4 | _aArte comercial | |
| 650 | 4 |
_aPublicidad _932975 |
|
| 650 | 4 |
_aDiagrama y tipografía publicitarios _932976 |
|
| 942 |
_2lcc _cBK _n1 |
||
| 999 |
_c13407 _d13407 |
||